贵州省市辖区 - Statistics

General Stats
  • This quiz has been taken 11 times
  • The average score is 10 of 16
Answers on the Map
Answers color-coded by a green-red scale on the quiz's map according to % correct below.
 
Answer Stats
Answer % Correct
七星关区
100%
水城区
86%
播州区
86%
花溪区
71%
白云区
71%
观山湖区
71%
南明区
57%
云岩区
57%
乌当区
57%
红花岗区
57%
平坝区
57%
钟山区
43%
碧江区
43%
万山区
43%
汇川区
29%
西秀区
29%
No matching quizzes found
Score Distribution
Percent of People with Each Score
Percentile by Number Answered
Your Score History
You have not taken this quiz